000
00279nam a2200121Ia 4500
008
190216s9999||||xx |||||||||||||| ||und||
100
_a
Webb W T
245
0
_a
Cowper`S Letters
260
_b
Mac Millian And Com. Ltd
_c
1950
300
_a
188p
650
_a
Biography
942
_c
BK
999
_c
11629
_d
11629